Sisa sidae : (Record no. 35396)
[ view plain ]
| 000 -LEADER | |
|---|---|
| fixed length control field | 00852cam a2200265 a 4500 |
| 001 - CONTROL NUMBER | |
| control field | k 67000264 |
| 003 - CONTROL NUMBER IDENTIFIER | |
| control field | DLC |
| 005 - DATE AND TIME OF LATEST TRANSACTION | |
| control field | 20260227111525.0 |
| 008 - FIXED-LENGTH DATA ELEMENTS--GENERAL INFORMATION | |
| fixed length control field | 000302s1955 ko 000 0 kor c |
| 010 ## - LIBRARY OF CONGRESS CONTROL NUMBER | |
| LC control number | k 67000264 |
| 035 ## - SYSTEM CONTROL NUMBER | |
| System control number | (CStRLIN)DCLP00-B3034 |
| 040 ## - CATALOGING SOURCE | |
| Original cataloging agency | UPRA |
| Transcribing agency | UPRA |
| Modifying agency | DLC-R |
| -- | DLC |
| 042 ## - AUTHENTICATION CODE | |
| Authentication code | lccopycat |
| 050 00 - LIBRARY OF CONGRESS CALL NUMBER | |
| Classification number | PL992.415.C5 |
| Item number | S57 1955 |
| 066 ## - CHARACTER SETS PRESENT | |
| Alternate G0 or G1 character set | $1 |
| 100 1# - MAIN ENTRY--PERSONAL NAME | |
| Linkage | 880-01 |
| Personal name | Kim, Chong-mun, |
| Dates associated with a name | 1919- |
| 245 10 - TITLE STATEMENT | |
| Linkage | 880-02 |
| Title | Sisa sidae : |
| Remainder of title | sijip / |
| Statement of responsibility, etc. | Kim Chong-mun. |
| 250 ## - EDITION STATEMENT | |
| Linkage | 880-03 |
| Edition statement | Chʻopʻan. |
| 260 ## - PUBLICATION, DISTRIBUTION, ETC. | |
| Linkage | 880-04 |
| Place of publication, distribution, etc. | Sŏul Tʻŭkpyŏlsi : |
| Name of publisher, distributor, etc. | Pomunʼgak, |
| Date of publication, distribution, etc. | Tanʼgi 4288 [1955] |
| 300 ## - PHYSICAL DESCRIPTION | |
| Extent | 55 p. ; |
| Dimensions | 21 cm. |
| 880 1# - ALTERNATE GRAPHIC REPRESENTATION | |
| Linkage | 100-01/$1 |
| a | 金 宗文, |
| d | 1919- |
| 880 10 - ALTERNATE GRAPHIC REPRESENTATION | |
| Linkage | 245-02/$1 |
| a | 詩史 時代 : |
| b | 詩集 / |
| c | 金 宗文. |
| 880 ## - ALTERNATE GRAPHIC REPRESENTATION | |
| Linkage | 250-03/$1 |
| a | 初版. |
| 880 ## - ALTERNATE GRAPHIC REPRESENTATION | |
| Linkage | 260-04/$1 |
| a | 서울 特別市 : |
| b | 普文閣, |
| c | 檀紀 4288 [1955] |
No items available.